[Event "London CC-ch B"]
[Site "London CAN"]
[Date "2009.04.23"]
[Round "6"]
[White "Morgan, Bryan"]
[Black "Miettinen, Eric"]
[Result "0-1"]
[WhiteElo "1562"]
[BlackElo "1749"]
[PlyCount "94"]
[GameId "2160767910231473"]
[EventDate "2009.03.19"]
[EventType "swiss"]
[EventRounds "13"]
[EventCountry "CAN"]
[SourceTitle "EXT 2022"]
[Source "ChessBase"]
[SourceDate "2021.10.06"]
[SourceVersion "1"]
[SourceVersionDate "2021.10.06"]
[SourceQuality "1"]

1. e4 e6 2. d4 d5 3. e5 c5 4. c3 Nc6 5. Nf3 Bd7 6. Bd3 cxd4 7. cxd4 Qb6 8. Bc2 Nb4 9. O-O Nxc2 10. Qxc2 Rc8 11. Qb3 Qxb3 12. axb3 a6 13. Nc3 Bb4 14. Bd2 Ne7 15. Rac1 O-O 16. Na4 Bxd2 17. Nxd2 Bb5 18. Rfe1 Nf5 19. Nf3 Rc6 20. Nc3 Rfc8 21. Ra1 Bd3 22. h3 Bc2 23. g4 Ne7 24. Nd2 Rb6 25. Ra3 Nc6 26. Ne2 Nb4 27. Nf4 Nd3 28. Nxd3 Bxd3 29. Re3 Rc1+ 30. Kh2 Bg6 31. Rc3 Rxc3 32. bxc3 Bc2 33. Ra2 Bd3 34. c4 Kf8 35. c5 Rb4 36. Ra4 Rxa4 37. bxa4 Bc2 38. a5 Ke7 39. Kg2 Kd7 40. Kf1 Kc6 41. Ke2 Kb5 42. Nf3 h6 43. Kd2 Be4 44. Ne1 Kxa5 45. f3 Bh7 46. Nc2 Bxc2 47. Kxc2 Kb4 0-1

[Event "London CC-ch B"]
[Site "London CAN"]
[Date "2009.04.23"]
[Round "6"]
[White "Quan, Franco"]
[Black "Dutton, Don"]
[Result "1-0"]
[WhiteElo "1202"]
[BlackElo "852"]
[PlyCount "77"]
[GameId "2160767910231475"]
[EventDate "2009.03.19"]
[EventType "swiss"]
[EventRounds "13"]
[EventCountry "CAN"]
[SourceTitle "EXT 2022"]
[Source "ChessBase"]
[SourceDate "2021.10.06"]
[SourceVersion "1"]
[SourceVersionDate "2021.10.06"]
[SourceQuality "1"]

1. e4 e5 2. Nf3 Nc6 3. Bb5 Nf6 4. d3 Bc5 5. h3 O-O 6. O-O Ne8 7. Bxc6 bxc6 8. Nxe5 Be7 9. d4 Bb7 10. c3 d6 11. Nd3 Nf6 12. f3 d5 13. Bg5 dxe4 14. Bxf6 Bxf6 15. fxe4 Be7 16. Qb3 Ba6 17. Rf3 Rb8 18. Qc2 Qd6 19. Nd2 Qh6 20. Ne5 Qd6 21. Ndc4 Bxc4 22. Nxc4 Qe6 23. Ne5 f6 24. Ng4 Qd6 25. e5 fxe5 26. Rxf8+ Bxf8 27. dxe5 Qc5+ 28. Kh1 Qe7 29. b4 Qf7 30. Qd3 Be7 31. Rf1 Qe8 32. Qc4+ Kh8 33. e6 Ra8 34. Ne5 h6 35. Nf7+ Kg8 36. Nxh6+ gxh6 37. Qg4+ Kh7 38. Rf7+ Kh8 39. Qg7# 1-0

[Event "London CC-ch B"]
[Site "London CAN"]
[Date "2009.04.23"]
[Round "6"]
[White "Zhou, Young"]
[Black "Dandridge, Tony"]
[Result "1-0"]
[WhiteElo "1145"]
[BlackElo "1226"]
[PlyCount "127"]
[GameId "2160767910231476"]
[EventDate "2009.03.19"]
[EventType "swiss"]
[EventRounds "13"]
[EventCountry "CAN"]
[SourceTitle "EXT 2022"]
[Source "ChessBase"]
[SourceDate "2021.10.06"]
[SourceVersion "1"]
[SourceVersionDate "2021.10.06"]
[SourceQuality "1"]

1. e4 e5 2. Nf3 Nc6 3. Bb5 Nf6 4. d3 a6 5. Bxc6 bxc6 6. Nxe5 Bc5 7. Bg5 d6 8. Nxc6 Qd7 9. Na5 Qe6 10. Be3 Bb4+ 11. Bd2 Qe5 12. Nc4 Bxd2+ 13. Nbxd2 Qe6 14. O-O O-O 15. Re1 Ng4 16. Nf3 Bb7 17. h3 Ne5 18. Nd4 Qg6 19. Na5 Bc8 20. Nac6 Bxh3 21. Ne7+ Kh8 22. Nxg6+ fxg6 23. gxh3 c5 24. Ne6 Rf6 25. Nc7 Ra7 26. Nd5 Rff7 27. f4 Nc6 28. Qg4 Rf8 29. Rf1 Raf7 30. e5 Rf5 31. Ne3 Rh5 32. f5 Nxe5 33. fxg6 Rxf1+ 34. Rxf1 hxg6 35. Qg3 Kh7 36. h4 Kh6 37. Ng4+ Nxg4 38. Qxg4 g5 39. Rf6+ gxf6 40. Qf5 Rxh4 41. Qxf6+ Kh5 42. Qxd6 g4 43. Qxc5+ Kg6 44. Qd6+ Kf5 45. Qd5+ Kf4 46. Qe4+ Kg5 47. Qe7+ Kh5 48. Qxh4+ Kxh4 49. c4 Kg5 50. c5 Kf6 51. d4 Ke6 52. b4 Kd7 53. d5 Kd8 54. a4 Kc8 55. b5 axb5 56. axb5 Kc7 57. Kg2 Kc8 58. Kg3 Kc7 59. Kxg4 Kc8 60. b6 Kb8 61. c6 Kc8 62. d6 Kb8 63. d7 Ka8 64. d8=Q# 1-0

[Event "London CC-ch B"]
[Site "London CAN"]
[Date "2009.04.30"]
[Round "7"]
[White "Armstrong, Donnelle"]
[Black "Miettinen, Eric"]
[Result "0-1"]
[WhiteElo "1528"]
[BlackElo "1749"]
[PlyCount "142"]
[GameId "2160767910231477"]
[EventDate "2009.03.19"]
[EventType "swiss"]
[EventRounds "13"]
[EventCountry "CAN"]
[SourceTitle "EXT 2022"]
[Source "ChessBase"]
[SourceDate "2021.10.06"]
[SourceVersion "1"]
[SourceVersionDate "2021.10.06"]
[SourceQuality "1"]

1. e4 e6 2. Nf3 c5 3. d3 Nc6 4. Nbd2 g6 5. g3 Bg7 6. Bg2 Nge7 7. c3 e5 8. O-O O-O 9. Re1 d5 10. Qb3 d4 11. Nf1 h6 12. Bd2 Rb8 13. a4 Be6 14. Qc2 b5 15. axb5 Rxb5 16. c4 Rb7 17. Reb1 Qb8 18. Ne1 Nb4 19. Bxb4 Rxb4 20. Ra5 Qb6 21. Ra2 Rb8 22. Nd2 Nc6 23. Qc1 Qd8 24. Nc2 R4b6 25. Na3 Nb4 26. Raa1 Nxd3 27. Qc2 Nb4 28. Qd1 Nc6 29. b3 h5 30. Nf3 Bh6 31. Ra2 Bg4 32. h3 Be6 33. h4 Bg4 34. Rab2 d3 35. Nb5 a6 36. Nc3 Nb4 37. Nd5 Nxd5 38. exd5 e4 39. Bh1 Bxf3 40. Bxf3 exf3 41. Qxf3 d2 42. Rd1 Qe7 43. Kf1 Qf6 44. Qxf6 Rxf6 45. f4 Bxf4 46. gxf4 Rxf4+ 47. Ke2 Rxh4 48. Kd3 Rd4+ 49. Kc3 Re8 50. Rdxd2 Re3+ 51. Kc2 Rxd2+ 52. Kxd2 Re8 53. Ra2 Ra8 54. Ra5 Kf8 55. Rxc5 Ke8 56. Rc7 h4 57. Ke2 g5 58. Kf3 Rb8 59. Kg4 Rxb3 60. Kxg5 h3 61. Kf6 Rf3+ 62. Kg5 h2 63. d6 Kd8 64. Ra7 h1=Q 65. Ra8+ Kd7 66. Ra7+ Kxd6 67. Rxa6+ Kc5 68. Ra5+ Kxc4 69. Ra4+ Kb5 70. Re4 Qg2+ 71. Rg4 Rg3 0-1

[Event "London CC-ch B"]
[Site "London CAN"]
[Date "2009.04.30"]
[Round "7"]
[White "Bennett MacDonald, Joshua"]
[Black "Quan, Franco"]
[Result "1-0"]
[WhiteElo "1128"]
[BlackElo "1202"]
[PlyCount "51"]
[GameId "2160767910231478"]
[EventDate "2009.03.19"]
[EventType "swiss"]
[EventRounds "13"]
[EventCountry "CAN"]
[SourceTitle "EXT 2022"]
[Source "ChessBase"]
[SourceDate "2021.10.06"]
[SourceVersion "1"]
[SourceVersionDate "2021.10.06"]
[SourceQuality "1"]

1. e4 e5 2. Nf3 Nc6 3. Bb5 d6 4. O-O Bd7 5. Re1 a6 6. Ba4 Nf6 7. c3 g6 8. d4 Bg7 9. dxe5 Nxe5 10. Nxe5 Bxa4 11. Nxf7 Kxf7 12. Qxa4 Re8 13. Qb3+ Kf8 14. Qxb7 d5 15. Bf4 Re7 16. Nd2 c5 17. Qc6 Kg8 18. exd5 Nxd5 19. Rxe7 Nxe7 20. Qxc5 Rb8 21. Bxb8 Qxb8 22. Qxe7 Qxb2 23. Rd1 Qxc3 24. Ne4 Qc2 25. Rd8+ Bf8 26. Qxf8# 1-0

[Event "London CC-ch B"]
[Site "London CAN"]
[Date "2009.04.30"]
[Round "7"]
[White "Morgan, Bryan"]
[Black "Killi, Steve"]
[Result "1-0"]
[WhiteElo "1562"]
[BlackElo "1238"]
[PlyCount "39"]
[GameId "2160767910231483"]
[EventDate "2009.03.19"]
[EventType "swiss"]
[EventRounds "13"]
[EventCountry "CAN"]
[SourceTitle "EXT 2022"]
[Source "ChessBase"]
[SourceDate "2021.10.06"]
[SourceVersion "1"]
[SourceVersionDate "2021.10.06"]
[SourceQuality "1"]

1. e4 c6 2. d4 d5 3. e5 Bf5 4. Nf3 h6 5. Bf4 e6 6. h3 Nd7 7. c4 Qb6 8. Qd2 c5 9. Be3 a5 10. Nc3 a4 11. cxd5 cxd4 12. Nxd4 Nc5 13. Bb5+ Kd8 14. Nxf5 exf5 15. O-O Qc7 16. d6 Qc8 17. b4 axb3 18. axb3 Rxa1 19. Rxa1 Nxb3 20. Bb6+ 1-0

[Event "London CC-ch B"]
[Site "London CAN"]
[Date "2009.04.30"]
[Round "7"]
[White "Zolotovski, Vassili"]
[Black "Fang, Tina"]
[Result "0-1"]
[WhiteElo "1337"]
[BlackElo "1378"]
[PlyCount "114"]
[GameId "2160767910231486"]
[EventDate "2009.03.19"]
[EventType "swiss"]
[EventRounds "13"]
[EventCountry "CAN"]
[SourceTitle "EXT 2022"]
[Source "ChessBase"]
[SourceDate "2021.10.06"]
[SourceVersion "1"]
[SourceVersionDate "2021.10.06"]
[SourceQuality "1"]

1. e4 c5 2. Nc3 Nc6 3. Nf3 Nf6 4. d3 e6 5. Be3 d5 6. Bg5 Be7 7. e5 Ng4 8. Bxe7 Qxe7 9. Qe2 Qc7 10. Nb5 Qa5+ 11. Nd2 Ngxe5 12. a4 O-O 13. f4 Ng6 14. g3 a6 15. Nc3 Qb4 16. Rb1 d4 17. Nce4 Qxa4 18. b3 Qa5 19. h4 Nb4 20. Qd1 h6 21. h5 Ne7 22. Bh3 Ned5 23. Kf2 Qc7 24. Rb2 f5 25. Nc4 fxe4 26. dxe4 Nc3 27. Qe1 Qc6 28. Bg2 Qe8 29. Ne5 Nc6 30. Ng6 Rf7 31. e5 Ne7 32. Be4 Nxe4+ 33. Qxe4 Qc6 34. Qe1 Bd7 35. Nxe7+ Rxe7 36. Qg1 Qe4 37. Qe1 Qd5 38. Rg1 Bc6 39. Qe2 b5 40. Rbb1 Qe4 41. Qxe4 Bxe4 42. Rbc1 c4 43. g4 Rf8 44. Kg3 Ref7 45. Rgf1 d3 46. cxd3 Bxd3 47. Rf3 Rd7 48. Rc3 Be4 49. Rfe3 Bd5 50. b4 Ra8 51. Ra3 a5 52. f5 Rda7 53. Kf4 axb4 54. Rxa7 Rxa7 55. g5 Ra3 56. f6 Rxe3 57. Kxe3 hxg5 0-1

[Event "London CC-ch B"]
[Site "London CAN"]
[Date "2009.05.07"]
[Round "8"]
[White "Dandridge, Tony"]
[Black "Hong, Emilio"]
[Result "0-1"]
[WhiteElo "1226"]
[BlackElo "1486"]
[PlyCount "92"]
[GameId "2160767910231487"]
[EventDate "2009.03.19"]
[EventType "swiss"]
[EventRounds "13"]
[EventCountry "CAN"]
[SourceTitle "EXT 2022"]
[Source "ChessBase"]
[SourceDate "2021.10.06"]
[SourceVersion "1"]
[SourceVersionDate "2021.10.06"]
[SourceQuality "1"]

1. e4 d5 2. d4 Nc6 3. e5 Bf5 4. a3 a6 5. Nf3 e6 6. h3 Na7 7. Bd3 Ne7 8. O-O Rc8 9. b4 Nb5 10. Re1 Bxd3 11. Qxd3 Nc6 12. c3 Be7 13. a4 Nba7 14. h4 Bxh4 15. b5 Nb8 16. Ba3 Be7 17. Bxe7 Qxe7 18. Nbd2 c5 19. bxa6 Nxa6 20. Rab1 c4 21. Qe3 Rb8 22. Rb6 Nc8 23. Rb2 Qd7 24. Reb1 Na7 25. Rb6 Qxa4 26. Rxb7 Rxb7 27. Rxb7 Nc6 28. Qg5 O-O 29. Nf1 Qc2 30. Qe3 Rb8 31. Rxb8+ Naxb8 32. N3h2 h6 33. Ng4 Nd7 34. Qg3 Qg6 35. Qf3 Nb6 36. Nge3 Na5 37. Qh3 Na4 38. g4 Nxc3 39. f3 Ne2+ 40. Kh2 Nxd4 41. f4 c3 42. f5 exf5 43. Nxf5 Nxf5 44. gxf5 Qc6 45. Qe3 c2 46. Qc1 Nb3 0-1

[Event "London CC-ch B"]
[Site "London CAN"]
[Date "2009.05.07"]
[Round "8"]
[White "Dutton, Don"]
[Black "Augustine, Steve"]
[Result "1-0"]
[WhiteElo "852"]
[BlackElo "1163"]
[PlyCount "71"]
[GameId "2160767910231489"]
[EventDate "2009.03.19"]
[EventType "swiss"]
[EventRounds "13"]
[EventCountry "CAN"]
[SourceTitle "EXT 2022"]
[Source "ChessBase"]
[SourceDate "2021.10.06"]
[SourceVersion "1"]
[SourceVersionDate "2021.10.06"]
[SourceQuality "1"]

1. e4 c5 2. Nf3 g6 3. Nc3 Bg7 4. Bc4 e6 5. O-O Nf6 6. Re1 O-O 7. b3 Nc6 8. Ba3 d6 9. Qe2 Qa5 10. Qd3 Qxa3 11. Nb5 Nb4 12. Qc3 Qa5 13. a3 Nxe4 14. Qe3 Nxc2 15. Qxe4 Bxa1 16. Qxc2 Bg7 17. a4 Bh6 18. Nxd6 Kg7 19. g3 Qb6 20. Qc3+ f6 21. Ne4 Bd7 22. g4 Qc7 23. g5 Qf4 24. gxh6+ Qxh6 25. Qd3 Rad8 26. Nd6 Bc6 27. Nh4 Qg5+ 28. Kf1 Qxh4 29. Rxe6 Qxh2 30. Re7+ Kh6 31. Qe3+ g5 32. Nf5+ Kg6 33. Rg7+ Kxf5 34. Qe6+ Kf4 35. Qe3+ Kf5 36. Be6# 1-0

[Event "London CC-ch B"]
[Site "London CAN"]
[Date "2009.05.07"]
[Round "8"]
[White "Glew, Richard"]
[Black "Morgan, Bryan"]
[Result "1/2-1/2"]
[WhiteElo "1738"]
[BlackElo "1562"]
[PlyCount "78"]
[GameId "2160767910231491"]
[EventDate "2009.03.19"]
[EventType "swiss"]
[EventRounds "13"]
[EventCountry "CAN"]
[SourceTitle "EXT 2022"]
[Source "ChessBase"]
[SourceDate "2021.10.06"]
[SourceVersion "1"]
[SourceVersionDate "2021.10.06"]
[SourceQuality "1"]

1. e4 e5 2. Nf3 Nc6 3. Bb5 d6 4. d4 exd4 5. c3 dxc3 6. Nxc3 Bd7 7. O-O Be7 8. Re1 a6 9. Bc4 Be6 10. Bd5 Nf6 11. Bg5 O-O 12. Bxe6 fxe6 13. Qb3 Qc8 14. e5 dxe5 15. Nxe5 Nd4 16. Qa4 c5 17. Bxf6 Bxf6 18. Nd7 b5 19. Nxf6+ Rxf6 20. Qd1 Qb7 21. Ne4 Rg6 22. Rc1 Rf8 23. Rc3 b4 24. Rg3 Rxg3 25. hxg3 Qb6 26. Qh5 h6 27. Qxc5 Qxc5 28. Nxc5 a5 29. Re4 Rd8 30. Nb7 Rd5 31. Nxa5 Rxa5 32. Rxd4 Rb5 33. f4 Kf7 34. Kf2 Kf6 35. g4 e5 36. Rd6+ Ke7 37. fxe5 Rxe5 38. Rb6 Re4 39. Kf3 Rd4 1/2-1/2

[Event "London CC-ch B"]
[Site "London CAN"]
[Date "2009.05.07"]
[Round "8"]
[White "Merrick, Lee"]
[Black "Zolotovski, Vassili"]
[Result "1-0"]
[WhiteElo "1492"]
[BlackElo "1337"]
[PlyCount "43"]
[GameId "2160767910231493"]
[EventDate "2009.03.19"]
[EventType "swiss"]
[EventRounds "13"]
[EventCountry "CAN"]
[SourceTitle "EXT 2022"]
[Source "ChessBase"]
[SourceDate "2021.10.06"]
[SourceVersion "1"]
[SourceVersionDate "2021.10.06"]
[SourceQuality "1"]

1. d4 d5 2. c4 e6 3. Nc3 Nf6 4. cxd5 exd5 5. Bg5 c6 6. Qc2 Be7 7. e3 Be6 8. Bd3 Nbd7 9. Nf3 h6 10. Bh4 Bd6 11. O-O g5 12. Bg3 Bxg3 13. hxg3 Qc7 14. b4 a6 15. a4 g4 16. Nh4 Rg8 17. b5 Qd6 18. bxc6 bxc6 19. Rfb1 Nh5 20. Rb7 c5 21. Nf5 Nhf6 22. Nxd6+ 1-0

[Event "London CC-ch B"]
[Site "London CAN"]
[Date "2009.05.07"]
[Round "8"]
[White "Miettinen, Eric"]
[Black "Ortiz, Hugo"]
[Result "1/2-1/2"]
[WhiteElo "1749"]
[BlackElo "1550"]
[PlyCount "106"]
[GameId "2160767910231494"]
[EventDate "2009.03.19"]
[EventType "swiss"]
[EventRounds "13"]
[EventCountry "CAN"]
[SourceTitle "EXT 2022"]
[Source "ChessBase"]
[SourceDate "2021.10.06"]
[SourceVersion "1"]
[SourceVersionDate "2021.10.06"]
[SourceQuality "1"]

1. c4 Nf6 2. g3 e6 3. Bg2 d5 4. d4 b6 5. cxd5 exd5 6. Nf3 Be7 7. O-O O-O 8. Qc2 Bd6 9. Bg5 h6 10. Bd2 Re8 11. e3 Bb7 12. b4 Ne4 13. a3 Nd7 14. Nc3 Nxc3 15. Bxc3 b5 16. a4 a6 17. a5 Qe7 18. Rab1 Rac8 19. Ne1 Nf6 20. Nd3 c6 21. Nc5 Bxc5 22. dxc5 Ne4 23. Bd4 Ng5 24. Rfe1 Rcd8 25. Rbd1 Bc8 26. h4 Ne4 27. Kh2 Nf6 28. Qb2 Ng4+ 29. Kg1 f5 30. f3 Ne5 31. Bxe5 Qxe5 32. Qxe5 Rxe5 33. e4 fxe4 34. fxe4 Rde8 35. Kf2 Bg4 36. Rd2 dxe4 37. Ke3 Bf3 38. Rf1 Bxg2 39. Rxg2 Rd8 40. Rd2 Rxd2 41. Kxd2 e3+ 42. Kd3 e2 43. Re1 Rd5+ 44. Ke4 Rd2 45. Ke5 Rd5+ 46. Ke6 Rd2 47. Ke5 Kh7 48. Ke4 Rb2 49. Ke5 Rd2 50. h5 g6 51. g4 Kg7 52. Ke6 g5 53. Ke7 Kg8 1/2-1/2

[Event "London CC-ch B"]
[Site "London CAN"]
[Date "2009.05.14"]
[Round "9"]
[White "Armstrong, Donnelle"]
[Black "Morgan, Bryan"]
[Result "0-1"]
[WhiteElo "1528"]
[BlackElo "1562"]
[PlyCount "116"]
[GameId "2160767910231498"]
[EventDate "2009.03.19"]
[EventType "swiss"]
[EventRounds "13"]
[EventCountry "CAN"]
[SourceTitle "EXT 2022"]
[Source "ChessBase"]
[SourceDate "2021.10.06"]
[SourceVersion "1"]
[SourceVersionDate "2021.10.06"]
[SourceQuality "1"]

1. e4 e5 2. Nf3 Nc6 3. d4 exd4 4. Bc4 Be7 5. Bf4 d6 6. O-O Bg4 7. h3 Bh5 8. Nbd2 Nf6 9. Re1 Ne5 10. g4 Nxf3+ 11. Qxf3 Bg6 12. e5 dxe5 13. Rxe5 O-O 14. Rae1 Bd6 15. Rg5 Bxf4 16. Qxf4 Bxc2 17. Rc1 Ba4 18. Nf3 Bc6 19. Nxd4 Qd6 20. Rxg7+ Kh8 21. Qxd6 cxd6 22. Rxf7 Rxf7 23. Bxf7 Kg7 24. Nxc6 bxc6 25. Be6 c5 26. Rd1 Rd8 27. Bd5 Kf8 28. f4 Rb8 29. b3 Rb4 30. f5 h6 31. Kg2 Ke7 32. Re1+ Kd7 33. Rd1 Ke7 34. Be6 a5 35. Kf3 Ne4 36. Re1 Ng5+ 37. Kg3 Re4 38. Rxe4 Nxe4+ 39. Kf4 Ng5 40. h4 Nxe6+ 41. fxe6 Kxe6 42. g5 hxg5+ 43. hxg5 d5 44. g6 Kf6 45. g7 Kxg7 46. Ke5 d4 47. Ke4 Kf6 48. Kf3 Ke6 49. Ke4 Kd6 50. Kd3 Kd5 51. a4 Ke5 52. Kd2 Ke4 53. Ke2 d3+ 54. Kd1 Ke3 55. Ke1 d2+ 56. Kd1 Kd3 57. b4 c4 58. b5 c3 0-1

[Event "London CC-ch B"]
[Site "London CAN"]
[Date "2009.05.14"]
[Round "9"]
[White "Bennett MacDonald, Joshua"]
[Black "Dutton, Don"]
[Result "1-0"]
[WhiteElo "1128"]
[BlackElo "852"]
[PlyCount "89"]
[GameId "2160767910231499"]
[EventDate "2009.03.19"]
[EventType "swiss"]
[EventRounds "13"]
[EventCountry "CAN"]
[SourceTitle "EXT 2022"]
[Source "ChessBase"]
[SourceDate "2021.10.06"]
[SourceVersion "1"]
[SourceVersionDate "2021.10.06"]
[SourceQuality "1"]

1. e4 e5 2. Nf3 Nc6 3. Bb5 Nge7 4. O-O a6 5. Ba4 b5 6. Bb3 a5 7. Ng5 Ng6 8. Nxf7 Qe7 9. Nxh8 Nxh8 10. Qh5+ g6 11. Qf3 Nd4 12. Qc3 Ne2+ 13. Kh1 Nxc3 14. Nxc3 Rb8 15. Nd5 Qd8 16. d3 a4 17. Bg5 Qxg5 18. Nxc7+ Kd8 19. f4 exf4 20. Nd5 axb3 21. Rxf4 Qh6 22. Raf1 Ke8 23. Nc7+ Ke7 24. Nd5+ Ke8 25. Nf6+ Kd8 26. Nd5 Ke8 27. Nc7+ Ke7 28. Nd5+ Ke8 29. Nc7+ Kd8 30. Nd5 Ke8 31. Nf6+ Kd8 32. Ng4 Qg7 33. Rxf8+ Kc7 34. e5 Bb7 35. Rxb8 Kxb8 36. axb3 Qe7 37. d4 Qe6 38. Nf6 Qc6 39. Rf2 Qb6 40. Nxd7+ Ka7 41. Nxb6 Kxb6 42. c4 b4 43. c5+ Kb5 44. Rf8 Bxg2+ 45. Kxg2 1-0

[Event "London CC-ch B"]
[Site "London CAN"]
[Date "2009.05.14"]
[Round "9"]
[White "Cheung, Frederick"]
[Black "Fox, Douglas"]
[Result "0-1"]
[WhiteElo "1755"]
[BlackElo "1391"]
[PlyCount "167"]
[GameId "2160767910231500"]
[EventDate "2009.03.19"]
[EventType "swiss"]
[EventRounds "13"]
[EventCountry "CAN"]
[SourceTitle "EXT 2022"]
[Source "ChessBase"]
[SourceDate "2021.10.06"]
[SourceVersion "1"]
[SourceVersionDate "2021.10.06"]
[SourceQuality "1"]

1. e4 e5 2. Nf3 Nc6 3. Bb5 a6 4. Bxc6 dxc6 5. d4 Bg4 6. Be3 Bd6 7. c3 Nf6 8. Nbd2 O-O 9. h3 Bh5 10. g4 Bg6 11. Qc2 Nd5 12. O-O-O Nxe3 13. fxe3 Re8 14. dxe5 Bxe5 15. Nxe5 Rxe5 16. Nc4 Bxe4 17. Qf2 Rd5 18. Rhf1 Rxd1+ 19. Rxd1 Qe7 20. Qf4 Bd5 21. Rd4 g5 22. Qg3 Re8 23. Kd2 Bxc4 24. Rxc4 Qd6+ 25. Qxd6 cxd6 26. Rb4 b5 27. a4 c5 28. Rb3 Rb8 29. e4 b4 30. cxb4 c4 31. Ra3 Rxb4 32. Kc3 a5 33. b3 cxb3 34. Rxb3 Rxa4 35. Rb5 h6 36. Rd5 Rxe4 37. Kd3 Ra4 38. Rxd6 Ra3+ 39. Ke4 Rxh3 40. Ra6 Kg7 41. Rxa5 Kg6 42. Ra6+ f6 43. Ra4 Rh4 44. Kf3 h5 45. gxh5+ Rxh5 46. Ra8 Kg7 47. Kg4 Rh4+ 48. Kf5 Rf4+ 49. Ke6 Re4+ 50. Kf5 Re5+ 51. Kg4 Re7 52. Kh5 Rf7 53. Kg4 Rf8 54. Ra7+ Kg6 55. Ra6 Rh8 56. Kf3 Rh4 57. Ra8 f5 58. Ra6+ Kh5 59. Ra7 Rh3+ 60. Kg2 Kg4 61. Ra4+ f4 62. Ra7 f3+ 63. Kf2 Rh2+ 64. Kg1 Kg3 65. Ra3 g4 66. Rb3 Kh3 67. Ra3 Rg2+ 68. Kf1 Rg3 69. Ra2 Rg2 70. Ra3 Kh2 71. Ra6 Kg3 72. Ra3 Rb2 73. Ke1 Kg2 74. Kd1 f2 75. Kc1 f1=Q+ 76. Kxb2 Qe2+ 77. Kb1 Qb5+ 78. Kc2 Qc5+ 79. Kb2 Qxa3+ 80. Kxa3 Kf2 81. Kb3 g3 82. Kc4 g2 83. Kd4 g1=Q 84. Ke5 0-1

[Event "London CC-ch B"]
[Site "London CAN"]
[Date "2009.05.14"]
[Round "9"]
[White "Fang, Tina"]
[Black "Miettinen, Eric"]
[Result "0-1"]
[WhiteElo "1378"]
[BlackElo "1749"]
[PlyCount "52"]
[GameId "2160767910231502"]
[EventDate "2009.03.19"]
[EventType "swiss"]
[EventRounds "13"]
[EventCountry "CAN"]
[SourceTitle "EXT 2022"]
[Source "ChessBase"]
[SourceDate "2021.10.06"]
[SourceVersion "1"]
[SourceVersionDate "2021.10.06"]
[SourceQuality "1"]

1. d4 Nf6 2. c4 c5 3. d5 b5 4. cxb5 a6 5. bxa6 g6 6. Nc3 Bxa6 7. g3 d6 8. Bg2 Bg7 9. e4 Nbd7 10. Bf4 O-O 11. Nge2 Qb6 12. Rb1 Ng4 13. h3 Nge5 14. Be3 Nd3+ 15. Kf1 Rfb8 16. Qc2 Qb4 17. Kg1 Nxb2 18. Bc1 Bxe2 19. Nxe2 Rxa2 20. Bd2 Qc4 21. Nc3 Bxc3 22. Bxc3 Na4 23. Rxb8+ Nxb8 24. Qb1 Nxc3 25. Qxb8+ Kg7 26. f3 Qe2 0-1

[Event "London CC-ch B"]
[Site "London CAN"]
[Date "2009.05.14"]
[Round "9"]
[White "Hong, Emilio"]
[Black "Zhou, Young"]
[Result "0-1"]
[WhiteElo "1486"]
[BlackElo "1145"]
[PlyCount "72"]
[GameId "2160767910231504"]
[EventDate "2009.03.19"]
[EventType "swiss"]
[EventRounds "13"]
[EventCountry "CAN"]
[SourceTitle "EXT 2022"]
[Source "ChessBase"]
[SourceDate "2021.10.06"]
[SourceVersion "1"]
[SourceVersionDate "2021.10.06"]
[SourceQuality "1"]

1. f4 d5 2. Nf3 Nc6 3. e3 Nf6 4. d3 Bf5 5. Nc3 e6 6. Bd2 Bd6 7. Qe2 O-O 8. h3 e5 9. g4 Bd7 10. f5 e4 11. Nh2 Bg3+ 12. Kd1 Ne5 13. Qg2 Bh4 14. dxe4 Nxe4 15. Nxe4 dxe4 16. Qxe4 Bc6 17. Qxe5 Bxh1 18. c3 Re8 19. Qd4 b6 20. Bb5 Re4 21. Qxd8+ Rxd8 22. Bc6 Rxe3 23. Bxh1 Re1+ 24. Kc2 Rxa1 25. Bg2 Rxa2 26. Nf3 Bg3 27. Ng5 Ra5 28. c4 Re5 29. Ne4 Rd4 30. Nxg3 Rxc4+ 31. Bc3 Re3 32. Bf1 Rcxc3+ 33. bxc3 Rxg3 34. Kb3 c6 35. Kc4 a5 36. Kb3 b5 0-1

[Event "London CC-ch B"]
[Site "London CAN"]
[Date "2009.05.14"]
[Round "9"]
[White "Ortiz, Hugo"]
[Black "Merrick, Lee"]
[Result "0-1"]
[WhiteElo "1550"]
[BlackElo "1492"]
[PlyCount "72"]
[GameId "2160767910231509"]
[EventDate "2009.03.19"]
[EventType "swiss"]
[EventRounds "13"]
[EventCountry "CAN"]
[SourceTitle "EXT 2022"]
[Source "ChessBase"]
[SourceDate "2021.10.06"]
[SourceVersion "1"]
[SourceVersionDate "2021.10.06"]
[SourceQuality "1"]

1. d4 Nf6 2. Nf3 e6 3. Bg5 b6 4. Nbd2 Bb7 5. e3 Be7 6. Bd3 O-O 7. O-O Nh5 8. Bxe7 Qxe7 9. c3 f5 10. Re1 Nf6 11. c4 d6 12. Qc2 c6 13. h3 Na6 14. a3 Nc7 15. b4 d5 16. Ne5 Ne4 17. Rac1 Qh4 18. Rf1 Nxd2 19. Qxd2 f4 20. Qc2 f3 21. Qd1 fxg2 22. Kxg2 dxc4 23. Be2 c5+ 24. f3 Nd5 25. Qd2 c3 26. Qd3 Qg5+ 27. Kh2 Nxe3 28. Rg1 Qf4+ 29. Rg3 cxd4 30. Ng4 Nxg4+ 31. hxg4 Qxc1 32. Rh3 Qf4+ 33. Kg2 Qxg4+ 34. Rg3 Qf5 35. Qxd4 Qf6 36. Qd3 Rad8 0-1

[Event "London CC-ch B"]
[Site "London CAN"]
[Date "2009.05.14"]
[Round "9"]
[White "Wong, Ming Jing"]
[Black "Glew, Richard"]
[Result "1/2-1/2"]
[WhiteElo "1692"]
[BlackElo "1738"]
[PlyCount "58"]
[GameId "2160767910231511"]
[EventDate "2009.03.19"]
[EventType "swiss"]
[EventRounds "13"]
[EventCountry "CAN"]
[SourceTitle "EXT 2022"]
[Source "ChessBase"]
[SourceDate "2021.10.06"]
[SourceVersion "1"]
[SourceVersionDate "2021.10.06"]
[SourceQuality "1"]

1. Nf3 d5 2. g3 g6 3. Bg2 Bg7 4. d4 Nf6 5. O-O O-O 6. c4 c6 7. Nc3 Bf5 8. Qb3 dxc4 9. Qxb7 Nbd7 10. Qxc6 Nb6 11. Bf4 Rc8 12. Qb7 Nfd5 13. Nxd5 Nxd5 14. Be5 f6 15. Nh4 fxe5 16. Nxf5 gxf5 17. Qxd5+ Kh8 18. dxe5 Qxd5 19. Bxd5 Bxe5 20. Rab1 Rc5 21. e4 Rb8 22. Rfc1 fxe4 23. Bxc4 Rxb2 24. Rxb2 Bxb2 25. Rb1 Bd4 26. Bb3 e3 27. fxe3 Bxe3+ 28. Kg2 Rf5 29. Rd1 Kg7 1/2-1/2

[Event "London CC-ch B"]
[Site "London CAN"]
[Date "2009.05.21"]
[Round "10"]
[White "Augustine, Steve"]
[Black "Quan, Franco"]
[Result "0-1"]
[WhiteElo "1163"]
[BlackElo "1202"]
[PlyCount "58"]
[GameId "2160767910231512"]
[EventDate "2009.03.19"]
[EventType "swiss"]
[EventRounds "13"]
[EventCountry "CAN"]
[SourceTitle "EXT 2022"]
[Source "ChessBase"]
[SourceDate "2021.10.06"]
[SourceVersion "1"]
[SourceVersionDate "2021.10.06"]
[SourceQuality "1"]

1. e4 e5 2. Nc3 Nf6 3. Nf3 Nc6 4. d3 Bc5 5. Qe2 O-O 6. Be3 Bxe3 7. Qxe3 d5 8. exd5 Nxd5 9. Qc5 Nxc3 10. Qxc3 Bf5 11. Nxe5 Nxe5 12. Qxe5 Re8 13. d4 Qxd4 14. Be2 Rxe5 15. Rd1 Qb6 16. b3 Qb4+ 17. Rd2 Rd8 18. O-O Qxd2 19. Bc4 Qg5 20. Bd3 Rxd3 21. cxd3 Bxd3 22. Rd1 Be4 23. g3 Rd5 24. Re1 Qg4 25. Rf1 Rd1 26. f3 Rxf1+ 27. Kg2 Qxf3+ 28. Kh3 g5 29. a4 Bf5# 0-1